000 00783cam a22002655a 4500
001 12946098
005 20170427143300.0
008 020926s2002 enka frb f001 0deng d
020 _a0192802585
020 _a9780192802583
040 _aDLC
_cDLC
_dDLC
_dEG-ScBUE
_beng
082 0 4 _222
_a192
_bGRA
100 1 _aGrayling, A. C.
245 1 0 _aRussell :
_ba very short introduction /
_cA.C. Grayling.
260 _aOxford ;
_aNew York :
_bOxford University Press,
_c2002.
300 _a147 p. :
_bill. ;
_c18 cm.
490 0 _aVery short introductions ;
_v59
500 _aIndex : p. 141-147.
504 _aBibliography : p. 139-140.
600 1 7 _aRussell, Bertrand,
_d1872-1970.
_938711
650 _2BUEsh
651 _2BUEsh
653 _bHHUUPPSS
_cApril2017
942 _2ddc
999 _c24736
_d24708